000 00538nam a2200169 i 4500
001 72589
003 ES-MaACL
005 20230906171502.0
007 t|
008 040902s1978 sp ||||1| spa d
100 1 _aGobernado Arribas, Rafael.
_957488
245 1 0 _aIdeología, lenguaje y derecho
_b: aplicación de un modelo de sociología del conocimiento al derecho /
_cRafael Gobernado Arribas.
250 _a[1ª ed.].
260 _aMadrid :
_bCupsa,
_c[1978]
300 _a265 p. ;
_c21 cm.
852 _aES-MaACL
_jA-10189
_bR.98738
999 _c72589
_d72589